000 00871nam a2200253Ia 4500
003 OSt
005 20220926022208.0
006 a|||||r|||| 00| 0
007 ta
008 220923b |||||||| |||| 00| 0 eng d
037 _cGeneral Book
040 _aRTL
_cRTL
_beng
041 _2eng
_aeng
082 _aY:45:6.N92, N2/UN
110 _aUNITED NATIONS, INTERNATIONAL ECONOMIC AND SOCIAL AFFAIRS (Departments of--)
_9326102
245 0 _aGuide to Cumputerzation of information system in criminal justice.
260 _aNew York
_bUnited Nations
_c1992
300 _ax,174p.
_ccm.
490 _aStudies in Methods series F, No. 58
500 _aGlossary: 163-167p.
700 _aUNITED NATIONS, INTERNATIONAL ECONOMIC AND SOCIAL AFFAIRS (Departments of--)
_9326103
942 _hY:45:6.N92, N2/UN
_cGB
_2CC
999 _c638814
_d638814